| LEADER |
01386nam0a2200217 450 |
| 001 |
16819417 |
| 010 |
|
|
|a 978-2-302-03816-5
|b cart.
|d 10,5
|
| 100 |
|
|
|a 20140327d2014 u u0frey01 ba
|
| 101 |
0 |
|
|a fre
|
| 102 |
|
|
|a FR
|
| 200 |
0 |
|
|a 'Y a d'la joie !
|f Olivier Dutto
|g couleurs Benoît Bekaert
|
| 207 |
|
1 |
|a
|
| 210 |
|
|
|a Toulon
|c Soleil
|d 2014
|
| 215 |
|
|
|a 1 vol. (48 p.)
|c ill. en coul.
|d 30 x 22 cm
|
| 225 |
1 |
|
|a Grippy
|v 1
|
| 330 |
|
|
|a Grippy, le chat des P'tits Diables, vous connaissez ? Oui, c'est ça, le gros matou rondouillard, blagueur, gourmand et paresseux. Eh bien, croyez-moi, Grippy, ce n'est pas que ça. Car si un chat à sept vies, ce coquin de chat en a au moins deux et nous cache beauuuuuucoup de choses : une autre maison, d'autres amis et une tonne d'histoires drôles ! Mais vous avez de la chance, Grippy a décidé de vous livrer tous ses secrets (à part, peut-être, sa fameuse recette de cookies).Drôle, tendre et gastronomique, Grippy arriiiiiiiiiiive !!! Sans trop se presser non plus, il ne faut pas exagérer ! Vous qui l'aimiez dans Les P'tits Diables, vous allez adorer Grippy dans sa propre série !
|
| 700 |
|
0 |
|a Dutto
|b Olivier
|c Illustrateur
|4 70
|
| 702 |
|
0 |
|a BenBK
|f 1980-....
|4 410
|
| 900 |
|
|
|a Bande Dessinée enfant ado
|
| 901 |
|
|
|a Accessible au prêt
|
| 995 |
|
|
|a Bibliothèque
|c Bibliothèque
|f 024015113
|h 024015113
|k BD DUT
|o p
|q j
|r az
|e Bibliothèque
|